• 首页
  • 本馆介绍
  • 公告通知
  • 最新文献
  • 馆藏检索
  • 电子资源
  • 读者导购
  • 参考咨询
  • 我的图书馆
  • 登录
  • 详细信息显示
  • 放入我的书架
  • 预约/预借图书
  • 作者相关作品
  • 分类相关作品
  • 丛书相关作品
  • 出版社相关作品

书目信息

  • 表格格式
  • 工作单格式
  • 卡片格式
题名:
果蔬采后病害与控制
    
 
作者: 张维一 , 毕阳 编著
分册:  
出版信息: 北京   中国农业出版社  1996
页数: 238页
开本: 19cm
丛书名:
单 册:
中图分类: S660.9
科图分类:
主题词: 水果--食品保鲜--病害--防治 , 蔬菜--食品保鲜--病害--防治
电子资源:
ISBN: 7-109-04035-6
000 00742nam0 2200253 450
001 0100533144
005 20101119110435.0
010    @a7-109-04035-6@dCNY10.50
011    @a7-109-04035-6
100    @a20021005d1996 em y0chiy0110 ea
101 0  @achi
102    @aCN@b110000
105    @ay z 000yy
106    @ar
200 1  @a果蔬采后病害与控制@9Guo Shu Cai Hou Bing Hai Yu Kong Zhi @f张维一,毕阳编著@b专著
210    @a北京@c中国农业出版社@d1996
215    @a238页@d19cm
606 0  @a水果@x食品保鲜@x病害@x防治
606 0  @a蔬菜@x食品保鲜@x病害@x防治
690    @aS660.9@v3
701  0 @a张维一@9zhang wei yi@4编著
701  0 @a毕阳@9bi yang@4编著
801  0 @aCN@bAiZhiMarc@c19950720
905    @aBZT@dS660.9@e18@f5@sS660.9/18
    
    果蔬采后病害与控制/张维一,毕阳编著.-北京:中国农业出版社,1996
    238页;19cm
    
    
    ISBN 7-109-04035-6:CNY10.50
    
●
相关链接 在五车中查询图书 在当当中查询图书 在豆瓣中查询图书


正题名:果蔬采后病害与控制     索取号:S660.9/18         预约/预借

序号 登录号 条形码 馆藏地/架位号 状态 备注
1 2000040181   2000040181   旧书回溯/ [索取号:S660.9/18] 在馆    
2 2000040182   2000040182   旧书回溯/ [索取号:S660.9/18] 在馆    
3 2000040183   2000040183   旧书回溯/ [索取号:S660.9/18] 在馆    
4 2000040537   2000040537   旧书回溯/ [索取号:S660.9/18] 在馆    
5 2000040538   2000040538   旧书回溯/ [索取号:S660.9/18] 在馆    
山东省滨州职业学院图书馆 欢迎您!
大连网信软件有限公司© 版权所有